Una explicación de las elecciones fraudulentas de dirigencia nacional: el caso del Partido de la Revolución Democrática (1999-2008) /
Este trabajo pretende descomprimir el por qué ocurren elecciones fraudulentas al interior del partido en cuatro observaciones (1999, 2002, 2005 y 2008) para realizar dos comparaciones sincrónicas (1999-2005 y 2002-2008), logrando profundidad y explicación. El trabajo concluye sosteniendo que la expl...
Guardat en:
| Autor principal: | |
|---|---|
| Format: | Text |
| Matèries: | |
| Etiquetes: |
Afegir etiqueta
Sense etiquetes, Sigues el primer a etiquetar aquest registre!
|
MARC
| LEADER | 00000 a a2200000 04500 | ||
|---|---|---|---|
| 001 | 46577 | ||
| 003 | |||
| 040 | |||
| 100 | |a Espejel-Espinoza, Alberto | ||
| 245 | |a Una explicación de las elecciones fraudulentas de dirigencia nacional: |b el caso del Partido de la Revolución Democrática (1999-2008) / |c Alberto Espejel-Espinoza | ||
| 520 | |a Este trabajo pretende descomprimir el por qué ocurren elecciones fraudulentas al interior del partido en cuatro observaciones (1999, 2002, 2005 y 2008) para realizar dos comparaciones sincrónicas (1999-2005 y 2002-2008), logrando profundidad y explicación. El trabajo concluye sosteniendo que la explicación se encuentra en la similitud de fuerzas y el reducido costo por incumplir reglas de los competidores. Para ello se aporta evidencia empírica que muestra que en presencia de estas condiciones tenemos elecciones fraudulentas (1999 y 2008) y en su ausencia tenemos elecciones limpias (2002 y 2005). | ||
| 590 | |a AMB/AGOSTO2014 | ||
| 650 | |a A)PARTIDOS POLITICOS | ||
| 650 | |a B)SISTEMAS ELECTORALES | ||
| 650 | |a C)FRAUDE ELECTORAL (CIDCACS) | ||
| 650 | |a D)MEXICO | ||
| 773 | |g volumen21, número65 ( , 2014), páginas 119-145 | ||
| 999 | |c 30967 |d 30967 | ||
